00230nam a2200097Ia 4500008004100000100001900041245002600060260002200086942000700108999001700115190216s9999||||xx |||||||||||||| ||und|| aRamakrishnan M 0aShudha Jala Vidaranam bKerala Basha Inst cBK c37740d37740